The house bunny /
When Playboy Bunny, Shelly, is tossed out of the Playboy Mansion, she has nowhere to go. She quickly falls in with the sorority girls from Zeta Alpha Zeta. The members of the sorority, all seven of whom are socially inept, are about to lose their house. The girls need a dose of what only the eternal...
| Corporate Authors: | , , , |
|---|---|
| Other Authors: | , , , , , , , , , , , , , , , , |
| Format: | Video DVD |
| Language: | English French |
| Language Notes: | Closed-captioned. In English or dubbed French dialogue with optional subtitles in English or French. |
| Published: |
Culver City, Calif. :
Sony Pictures Home Entertainment,
[2008]
|
| Subjects: |
MARC
| Tag | First Indicator | Second Indicator | Subfields |
|---|---|---|---|
| LEADER | 00000cgm a2200000Ka 4500 | ||
| 001 | in00002485196 | ||
| 005 | 20151110041019.0 | ||
| 007 | vd cvaizq | ||
| 008 | 080926s2008 cau097 vleng d | ||
| 020 | |a 1435908651 | ||
| 020 | |a 9781435908659 | ||
| 024 | 1 | 0 | |a 043396252998 |
| 028 | 4 | 2 | |a 25299 |b Sony Pictures Home Entertainment |
| 035 | |a (OCoLC)ocn257748762 | ||
| 035 | |a (OCoLC)257748762 | ||
| 037 | |b Midwest Tape |n http://www.midwesttapes.com | ||
| 040 | |a TEFMT |c TEFMT |d TEF |d BTCTA |d RCS |d TEF |d GK8 |d WIQ |d UtOrBLW | ||
| 041 | 1 | |a eng |a fre |j eng |j fre |h eng | |
| 043 | |a n-us--- | ||
| 049 | |a TXAM | ||
| 050 | 1 | 4 | |a PN1997.2 |b .H68 2008 |
| 082 | 0 | 4 | |a 791.43/72 |2 22 |
| 090 | |a PN1995.9.C55 |b H683 2008 | ||
| 245 | 0 | 4 | |a The house bunny / |c Happy Madison Productions in association with Relativity Media and Alta Loma Entertainment ; produced by Allen Covert, Jack Giarraputo, Heather Parry, Adam Sandler ; written by Karen McCullah Lutz & Kirsten Smith ; directed by Fred Wolf. |
| 264 | 1 | |a Culver City, Calif. : |b Sony Pictures Home Entertainment, |c [2008] | |
| 300 | |a 1 videodisc (97 min.) : |b sound, color ; |c 4 3/4 in. | ||
| 336 | |a two-dimensional moving image |b tdi |2 rdacontent | ||
| 337 | |a video |b v |2 rdamedia | ||
| 338 | |a videodisc |b vd |2 rdacarrier | ||
| 538 | |a DVD; region 1; anamorphic widescreen (2.35:1); Dolby Digital. | ||
| 546 | |a Closed-captioned. In English or dubbed French dialogue with optional subtitles in English or French. | ||
| 511 | 1 | |a Anna Faris, Colin Hanks, Emma Stone, Kat Dennings, Katharine McPhee, Rumer Willis, Kiely Williams, Dana Goodman, Kimberly Makkouk, Monet Mazur. | |
| 508 | |a Director of photography, Shelly Johnson ; editor, Debra Chiate ; music, Waddy Wachtel. | ||
| 521 | 8 | |a MPAA rating: PG-13; for sex-related humor, partial nudity, and brief strong language. | |
| 520 | |a When Playboy Bunny, Shelly, is tossed out of the Playboy Mansion, she has nowhere to go. She quickly falls in with the sorority girls from Zeta Alpha Zeta. The members of the sorority, all seven of whom are socially inept, are about to lose their house. The girls need a dose of what only the eternally bubbly Shelley can provide. Eventually, the girls, and Shelly, learn to stop pretending to be what they think others want them to be and start being themselves. | ||
| 500 | |a Videorecording. | ||
| 650 | 0 | |a Greek letter societies |z United States |v Drama. | |
| 650 | 0 | |a Women college students |z United States |v Drama. | |
| 650 | 0 | |a Women |x Socialization |z United States |v Drama. | |
| 650 | 0 | |a Women |x Societies and clubs |v Drama. | |
| 655 | 7 | |a Comedy films. |2 lcgft | |
| 655 | 7 | |a Video recordings for the hearing impaired. |2 lcgft | |
| 655 | 7 | |a Feature films. |2 lcgft | |
| 655 | 7 | |a Fiction films. |2 lcgft | |
| 700 | 1 | |a Covert, Allen, |d 1964- | |
| 700 | 1 | |a Giarraputo, Jack. | |
| 700 | 1 | |a Parry, Heather. | |
| 700 | 1 | |a Sandler, Adam. | |
| 700 | 1 | |a Lutz, Karen McCullah. | |
| 700 | 1 | |a Smith, Kirsten. | |
| 700 | 1 | |a Wolf, Fred. | |
| 700 | 1 | |a Faris, Anna, |d 1976- | |
| 700 | 1 | |a Hanks, Colin, |d 1977- | |
| 700 | 1 | |a Stone, Emma, |d 1988- | |
| 700 | 1 | |a Dennings, Kat, |d 1986- | |
| 700 | 1 | |a McPhee, Katharine, |d 1984- | |
| 700 | 1 | |a Willis, Rumer. | |
| 700 | 1 | |a Williams, Kiely. | |
| 700 | 1 | |a Goodman, Dana. | |
| 700 | 1 | |a Makkouk, Kimberly. | |
| 700 | 1 | |a Mazur, Monét, |d 1976- | |
| 710 | 2 | |a Happy Madison (Firm) | |
| 710 | 2 | |a Relativity Media. | |
| 710 | 2 | |a Alta Loma Entertainment (Firm) | |
| 710 | 2 | |a Sony Pictures Home Entertainment (Firm) | |
| 938 | |a Baker and Taylor |b BTCP |n BEDDCO 25299 | ||
| 994 | |a C0 |b TXA | ||
| 948 | |a cataloged |b h |c 2009/1/6 |d c |e blrosas |f 9:27:22 am | ||
| 999 | |a MARS | ||
| 999 | f | f | |s 8fb1a05b-6e59-3a6c-8960-74fbbcb79f62 |i bd00b9b3-da2b-3f66-a0c2-8a1c36ea8fd0 |t 0 |
| 952 | f | f | |p dvd |a Texas A&M University |b College Station |c Sterling C. Evans Library |d Evans: Media and Reserves (Annex 1st floor) |t 0 |e PN1995.9.C55 H683 2008 |h Library of Congress classification |i video -- videodisc |m A14837542187 |
| 998 | f | f | |a PN1995.9.C55 H683 2008 |t 0 |l Evans: Media and Reserves (Annex 1st floor) |